|
|
|
|
| LEADER |
00000naa2a2200000 4500 |
| 001 |
259557 |
| 005 |
20231031220657.0 |
| 035 |
|
|
|a (RuTPU)RU\TPU\book\282500
|
| 035 |
|
|
|a RU\TPU\book\282493
|
| 090 |
|
|
|a 259557
|
| 100 |
|
|
|a 20140510d2012 k y0rusy50 ca
|
| 101 |
0 |
|
|a rus
|
| 102 |
|
|
|a RU
|
| 200 |
1 |
|
|a Содержание тяжелых металлов и микроэлементов в почвах Новонукутска
|f С. Д. Лазарева, О. Г. Лопатовская
|
| 225 |
1 |
|
|a Источники поступления тяжелых металлов и радионуклидов в природные компоненты, экологическое нормирование их нагрузок и организация мониторинга среды обитания
|
| 461 |
|
1 |
|0 (RuTPU)RU\TPU\book\270768
|y 978-601-7332-72-3
|t Тяжелые металлы и радионуклиды в окружающей среде
|o материалы VII Международной научно-практической конференции, 4-8 октября 2012 г., г. Семипалатинск (Семей)
|f Семипалатинский государственный педагогический институт ; Российская академия наук (РАН), Институт геохимии и аналитической химии (ГЕОХИ) ; Московский государственный университет им. М. В. Ломоносова (МГУ) ; Национальный исследовательский Томский политехнический университет (ТПУ) ; Российская академия наук (РАН), Сибирское отделение (СО), Институт почвоведения и агрохимии (ИПА) ; под ред. М. А. Бектемесова
|d 2012
|
| 463 |
|
1 |
|0 (RuTPU)RU\TPU\book\269462
|t Т. 2
|v С. 164-168
|d 2012
|p 713 с.
|
| 610 |
1 |
|
|a загрязнение
|
| 610 |
1 |
|
|a тяжелые металлы
|
| 610 |
1 |
|
|a почва
|
| 610 |
1 |
|
|a микроэлементы
|
| 610 |
1 |
|
|a антропогенные загрязнения
|
| 700 |
|
1 |
|a Лазарева
|b С. Д.
|
| 701 |
|
1 |
|a Лопатовская
|b О. Г.
|
| 801 |
|
1 |
|a RU
|b 63413507
|c 20140507
|
| 801 |
|
2 |
|a RU
|b 63413507
|c 20150219
|g RCR
|
| 942 |
|
|
|c BK
|